| 000 | 00670nam a2200217 a 4500 | ||
|---|---|---|---|
| 999 |
_c3316 _d3316 |
||
| 001 | 3316 | ||
| 003 | BD-JhCC | ||
| 005 | 20220803134023.0 | ||
| 008 | 171112s1974 bg |||| ||a| 000 0 ben d | ||
| 035 | _a(BD-JhCC)3316 | ||
| 040 |
_aBD-JhCC _dBD-JhCC |
||
| 041 | _aben | ||
| 082 |
_a491.44 _bRAH 1974 |
||
| 100 | _aরহমান, মুহাম্মদ হাবিবুর | ||
| 245 |
_aযথাশব্দ / _cমুহাম্মদ হাবিবুর রহমান |
||
| 260 |
_aঢাকা : _bবাংলা একাডেমী, _c১৯৭৪. |
||
| 300 |
_a465 p. : _c21 cm. |
||
| 650 | _aBengali Words | ||
| 942 |
_2ddc _cBK _02 |
||